[Event "Open Brno 2014"]
[Site "Brno CZE"]
[Date "2014.11.18"]
[Round "4.11"]
[White "Borisek, Anze"]
[Black "Pokorny, Petr"]
[Result "0-1"]
[WhiteElo "1934"]
[BlackElo "2138"]
[PlyCount "58"]
[EventDate "2014.11.15"]
[EventType "swiss"]
[EventRounds "9"]
[EventCountry "CZE"]
[Source "lmi"]
[SourceDate "2014.11.15"]

1. f4 d5 2. b3 Nf6 3. Nf3 g6 4. e3 Bg7 5. Bb2 O-O 6. Be2 b6 7. O-O Bb7 8. Qe1
c5 9. Ne5 Nc6 10. Nxc6 Bxc6 11. Bf3 Rc8 12. d3 c4 13. bxc4 dxc4 14. Bxf6 exf6
15. d4 f5 16. c3 Re8 17. Rf2 Qe7 18. Re2 Bxf3 19. gxf3 Bh6 20. Qg3 Qd6 21. Kf1
Rc7 22. a4 Rce7 23. Nd2 Bxf4 24. exf4 Rxe2 25. Nxc4 Qc7 26. Ne5 Qxc3 27. Kxe2
Qxa1 28. Qg5 Rc8 29. Kf2 Rc2+ 0-1

[Event "Open Brno 2014"]
[Site "Brno CZE"]
[Date "2014.11.18"]
[Round "4.12"]
[White "Tsenov, Tsvetoslav"]
[Black "Gurtovoi, Borys"]
[Result "1-0"]
[WhiteElo "2150"]
[BlackElo "1919"]
[PlyCount "115"]
[EventDate "2014.11.15"]
[EventType "swiss"]
[EventRounds "9"]
[EventCountry "CZE"]
[Source "lmi"]
[SourceDate "2014.11.15"]

1. e4 c6 2. d4 d6 3. Nc3 Qc7 4. f4 Nf6 5. Nf3 Bg4 6. Be3 Nbd7 7. Bd3 e5 8. O-O
Be7 9. h3 Bxf3 10. Qxf3 O-O 11. g4 c5 12. dxe5 dxe5 13. g5 Ne8 14. f5 Bd8 15.
Nd5 Qa5 16. Kh1 Nc7 17. Qg4 Nxd5 18. exd5 c4 19. Bxc4 Nb6 20. Bxb6 Qxb6 21. f6
g6 22. h4 h5 23. gxh6 Kh7 24. Bd3 Qd4 25. Be4 Qe3 26. Rf3 Qxh6 27. Rg1 Bb6 28.
Rg2 Kh8 29. Qg5 Kh7 30. Qxh6+ Kxh6 31. h5 g5 32. Rf5 Be3 33. Rxe5 Bf4 34. Re7
Rad8 35. Bf3 Rd6 36. Rge2 Rxf6 37. Kg2 g4 38. Bxg4 Rg8 39. Kh3 Bd6 40. Re8 Rxe8
41. Rxe8 Rf2 42. Re2 Rf1 43. Kg2 Ra1 44. a3 Kg5 45. Bc8 Bc5 46. Re5+ Kf4 47.
Rf5+ Ke4 48. Rxf7 Rg1+ 49. Kh2 Rg5 50. Rh7 Bd6+ 51. Kh3 Rg3+ 52. Kh4 Kf3 53.
Rf7+ Bf4 54. d6 Rg8 55. Bxb7+ Ke3 56. d7 Bg3+ 57. Kh3 Bc7 58. h6 1-0

[Event "Open Brno 2014"]
[Site "Brno CZE"]
[Date "2014.11.18"]
[Round "4.13"]
[White "Gentsch, Peter"]
[Black "Grove, Michael"]
[Result "1/2-1/2"]
[WhiteElo "1956"]
[BlackElo "2083"]
[PlyCount "98"]
[EventDate "2014.11.15"]
[EventType "swiss"]
[EventRounds "9"]
[EventCountry "CZE"]
[Source "lmi"]
[SourceDate "2014.11.15"]

1. d4 Nf6 2. c4 g6 3. g3 Bg7 4. Bg2 O-O 5. Nf3 d6 6. O-O Nbd7 7. Nc3 c6 8. e4
e5 9. h3 Re8 10. Re1 Qe7 11. d5 c5 12. Bg5 h6 13. Be3 Kh7 14. a3 Ng8 15. Nh2 f5
16. Qd2 Nb6 17. exf5 gxf5 18. b3 Qf6 19. Rac1 a6 20. f4 exf4 21. Bxf4 Bd7 22.
Nf3 Ne7 23. Nh4 Ng6 24. Nxg6 Qxg6 25. Kh2 Rad8 26. Nb1 Nc8 27. Qc2 Be5 28. Qd2
Rg8 29. Re2 Rde8 30. Rce1 Qg7 31. Bf3 Ne7 32. Bh5 Ng6 33. Bxg6+ Qxg6 34. Qe3
Qf6 35. Qf3 b5 36. Nd2 Bc3 37. Rxe8 Rxe8 38. Rxe8 Bxe8 39. Nb1 Ba5 40. Qd3 bxc4
41. bxc4 Qb2+ 42. Nd2 Bg6 43. Qb3 Qg7 44. Nf3 Qe7 45. Qe3 Qe4 46. Bxh6 Qc2+ 47.
Kh1 Qd1+ 48. Kh2 Qc2+ 49. Kh1 Qd1+ 1/2-1/2

[Event "Open Brno 2014"]
[Site "Brno CZE"]
[Date "2014.11.18"]
[Round "4.14"]
[White "Dirgas, Josef"]
[Black "Zemlicka, Vit"]
[Result "1/2-1/2"]
[WhiteElo "2078"]
[BlackElo "1899"]
[PlyCount "55"]
[EventDate "2014.11.15"]
[EventType "swiss"]
[EventRounds "9"]
[EventCountry "CZE"]
[Source "lmi"]
[SourceDate "2014.11.15"]

1. d4 Nf6 2. c4 g6 3. Nc3 Bg7 4. e4 d6 5. Be2 O-O 6. Nf3 e5 7. d5 a5 8. O-O Nh5
9. g3 Na6 10. Nh4 Nf4 11. Ng2 Nxe2+ 12. Qxe2 Nc5 13. Be3 b6 14. f3 f5 15. Rf2
fxe4 16. fxe4 Rxf2 17. Kxf2 Bd7 18. Kg1 Qe7 19. Rf1 Rf8 20. Rxf8+ Qxf8 21. Ne1
Bh6 22. Qf2 Bxe3 23. Qxe3 Kg7 24. Nf3 Qe7 25. b3 h6 26. h4 Bg4 27. Nd2 Nd7 28.
Nf1 1/2-1/2

[Event "Open Brno 2014"]
[Site "Brno CZE"]
[Date "2014.11.18"]
[Round "4.15"]
[White "Frej, Zofia"]
[Black "Spodny, Josef"]
[Result "1/2-1/2"]
[WhiteElo "1713"]
[BlackElo "1981"]
[PlyCount "97"]
[EventDate "2014.11.15"]
[EventType "swiss"]
[EventRounds "9"]
[EventCountry "CZE"]
[Source "lmi"]
[SourceDate "2014.11.15"]

1. e4 g6 2. d4 Bg7 3. f4 c6 4. Nf3 d5 5. e5 Bg4 6. Nbd2 Nh6 7. h3 Bxf3 8. Qxf3
Nf5 9. c3 h5 10. Bd3 h4 11. Bxf5 gxf5 12. O-O e6 13. Qf2 Nd7 14. Nf3 Nf8 15. a4
Ng6 16. b4 Bf8 17. a5 Be7 18. Ne1 b5 19. Nd3 a6 20. Bd2 Qd7 21. Qe2 O-O-O 22.
Rf3 Rdg8 23. Be3 Rh7 24. Raf1 Qd8 25. R1f2 Rhg7 26. Kf1 Nf8 27. Ke1 Nd7 28. Nc5
Nxc5 29. dxc5 Rg6 30. Bd4 Qf8 31. Kf1 Qg7 32. Rd3 Bf8 33. Rdf3 Qh7 34. Rd3 Bh6
35. Rdf3 Qg7 36. Qd2 Qh7 37. Qe2 Bf8 38. Rd3 Be7 39. Rdf3 Qh5 40. Rd3 Qh8 41.
Rdf3 Kd7 42. Re3 Bf8 43. Rd3 Qh6 44. Rdf3 Qh5 45. Rd3 Qh7 46. Rdf3 Bh6 47. Qd2
Qg7 48. Qe2 Kc7 49. Qd2 1/2-1/2

[Event "Open Brno 2014"]
[Site "Brno CZE"]
[Date "2014.11.18"]
[Round "4.16"]
[White "Healy, Tom"]
[Black "Simkin, Alexander"]
[Result "0-1"]
[WhiteElo "1974"]
[BlackElo "1890"]
[PlyCount "106"]
[EventDate "2014.11.15"]
[EventType "swiss"]
[EventRounds "9"]
[EventCountry "CZE"]
[Source "lmi"]
[SourceDate "2014.11.15"]

1. Nf3 d5 2. d4 Nf6 3. g3 Bg4 4. Bg2 e6 5. O-O Nbd7 6. c4 c6 7. Qc2 Be7 8. Nc3
O-O 9. e4 dxe4 10. Nxe4 Nxe4 11. Qxe4 Nf6 12. Qe3 Bxf3 13. Bxf3 Re8 14. Bd2 Qc7
15. Bc3 Rad8 16. Rad1 c5 17. d5 exd5 18. cxd5 Bd6 19. Qg5 h6 20. Qf5 Qd7 21.
Qd3 Be5 22. Rfe1 Bxc3 23. Rxe8+ Rxe8 24. bxc3 Qd6 25. Qb5 b6 26. c4 Kf8 27. Qa6
Re7 28. Qc8+ Re8 29. Qb7 Re7 30. Qa8+ Ne8 31. Kg2 g5 32. Rd3 Kg7 33. Qc8 Nf6
34. Qc6 Rd7 35. Qa4 Re7 36. Qa3 Nd7 37. Re3 Rxe3 38. fxe3 Ne5 39. Be2 b5 40. e4
bxc4 41. Qc3 f5 42. Qa5 fxe4 43. Qxa7+ Kf6 44. Qa8 c3 45. Qh8+ Ke7 46. Qh7+ Kd8
47. Qg8+ Kc7 48. Qa8 c2 49. Ba6 Qxa6 50. Qxa6 c1=Q 51. Qa5+ Kd6 52. Qb6+ Kxd5
53. Qb7+ Kd4 0-1

[Event "Open Brno 2014"]
[Site "Brno CZE"]
[Date "2014.11.18"]
[Round "4.17"]
[White "Sernecki, Franciszek"]
[Black "Davis, Lee"]
[Result "1/2-1/2"]
[WhiteElo "1903"]
[BlackElo "1971"]
[PlyCount "92"]
[EventDate "2014.11.15"]
[EventType "swiss"]
[EventRounds "9"]
[EventCountry "CZE"]
[Source "lmi"]
[SourceDate "2014.11.15"]

1. e4 d6 2. d4 Nf6 3. Nc3 g6 4. Nf3 Bg7 5. Bd3 Nc6 6. h3 O-O 7. O-O a6 8. a3
Nd7 9. Be3 b5 10. Re1 e5 11. dxe5 Ndxe5 12. Nxe5 Nxe5 13. Bf1 Be6 14. Nd5 Nc6
15. c3 Bxd5 16. exd5 Ne5 17. Bd4 Qg5 18. Kh1 Rae8 19. a4 Nc4 20. Bxg7 Rxe1 21.
Qxe1 Kxg7 22. axb5 axb5 23. Bxc4 bxc4 24. Qe4 Rb8 25. Qd4+ Qf6 26. Qxf6+ Kxf6
27. Ra4 Rxb2 28. Rxc4 Rxf2 29. Rxc7 h5 30. Kg1 Rf5 31. c4 Ke5 32. Rc6 g5 33. g3
Rf6 34. Kg2 Kd4 35. Rc7 g4 36. hxg4 hxg4 37. Rc6 Ke5 38. Rc7 Rf3 39. Rc6 f5 40.
Rc8 Rc3 41. Re8+ Kd4 42. Rf8 Rc2+ 43. Kf1 Ke4 44. Rf6 Rxc4 45. Rxd6 Rc3 46. Kf2
Rc2+ 1/2-1/2

[Event "Open Brno 2014"]
[Site "Brno CZE"]
[Date "2014.11.18"]
[Round "4.18"]
[White "Popper, Tomas"]
[Black "Feldvabl, Vilem"]
[Result "1-0"]
[WhiteElo "1961"]
[BlackElo "1716"]
[PlyCount "41"]
[EventDate "2014.11.15"]
[EventType "swiss"]
[EventRounds "9"]
[EventCountry "CZE"]
[Source "lmi"]
[SourceDate "2014.11.15"]

1. Nf3 Nf6 2. b4 d5 3. Bb2 Bf5 4. e3 e6 5. a3 Be7 6. Be2 h6 7. d3 O-O 8. Nbd2
c5 9. bxc5 Bxc5 10. O-O Nbd7 11. c4 dxc4 12. Nxc4 Rc8 13. Nd4 Bg6 14. Bf3 b6
15. Nc6 Qc7 16. Rc1 Bh5 17. Bxh5 Qxc6 18. Bf3 Qb5 19. Bb7 Rb8 20. a4 Qb4 21.
Ba3 1-0

[Event "Open Brno 2014"]
[Site "Brno CZE"]
[Date "2014.11.18"]
[Round "4.19"]
[White "Zeman, Radek"]
[Black "Zuziak, Petr"]
[Result "1/2-1/2"]
[WhiteElo "1893"]
[BlackElo "1744"]
[PlyCount "78"]
[EventDate "2014.11.15"]
[EventType "swiss"]
[EventRounds "9"]
[EventCountry "CZE"]
[Source "lmi"]
[SourceDate "2014.11.15"]

1. e4 Nc6 2. Nf3 d6 3. d4 Nf6 4. Nc3 Bg4 5. Be3 e6 6. h3 Bh5 7. Be2 Be7 8. O-O
O-O 9. a3 a6 10. Nd2 Bxe2 11. Qxe2 e5 12. d5 Nb8 13. a4 Nbd7 14. a5 Nc5 15. b4
Ncd7 16. Na4 h6 17. c4 Nh7 18. Qd3 b6 19. Nb3 Bg5 20. axb6 cxb6 21. c5 Bxe3 22.
fxe3 bxc5 23. bxc5 Nxc5 24. Naxc5 dxc5 25. Rxa6 Rc8 26. Na5 Nf6 27. Nc4 Nd7 28.
Rfa1 Rb8 29. Qc3 Qh4 30. Nxe5 Nxe5 31. Qxe5 Rbe8 32. Qc3 Qxe4 33. Qxc5 Qxe3+
34. Qxe3 Rxe3 35. Rd1 Rd8 36. Ra7 Rd6 37. Ra8+ Kh7 38. Kf2 Re5 39. Ra5 g5
1/2-1/2

[Event "Open Brno 2014"]
[Site "Brno CZE"]
[Date "2014.11.18"]
[Round "4.21"]
[White "Svoboda, Zdenek"]
[Black "Rusek, Walter"]
[Result "0-1"]
[WhiteElo "1691"]
[BlackElo "1798"]
[PlyCount "122"]
[EventDate "2014.11.15"]
[EventType "swiss"]
[EventRounds "9"]
[EventCountry "CZE"]
[Source "lmi"]
[SourceDate "2014.11.15"]

1. e4 e6 2. d4 d5 3. exd5 exd5 4. Qf3 Bd6 5. Bd3 c6 6. Nc3 Qf6 7. Be3 Qxf3 8.
Nxf3 Nf6 9. Bg5 Nh5 10. O-O-O f6 11. Rde1+ Kf7 12. Bd2 g6 13. g3 Ng7 14. Bh6
Nf5 15. Bf4 Bxf4+ 16. gxf4 Re8 17. h4 Rxe1+ 18. Rxe1 Ng7 19. Ne2 Bf5 20. Kd2
Bxd3 21. Kxd3 Na6 22. Ng3 Nc7 23. a4 Nce6 24. Ne2 Nh5 25. f5 gxf5 26. a5 Re8
27. Kd2 Nhf4 28. Ng3 Ng7 29. Re3 Rxe3 30. fxe3 Nfh5 31. Ne2 Ne6 32. b4 a6 33.
c4 f4 34. cxd5 cxd5 35. Nc3 Nc7 36. e4 Ke6 37. exd5+ Nxd5 38. Nxd5 Kxd5 39. Kd3
Ng3 40. Nh2 h5 41. Nf3 Nf5 42. Kc3 Nd6 43. Ne1 Nb5+ 44. Kd3 Nxd4 45. Ng2 Ne6
46. Ne1 Nf8 47. Ke2 Ke4 48. Nd3 Ne6 49. Nf2+ Kf5 50. Kd3 Ke5 51. Ne4 f5 52. Nf2
f3 53. Ke3 f4+ 54. Kd3 Nf8 55. Kc4 Nd7 56. Kc3 Nf6 57. Nd3+ Kf5 58. Kd2 Ne4+
59. Ke1 Kg4 60. Kf1 Kg3 61. Nc1 Nd2+ 0-1

[Event "Open Brno 2014"]
[Site "Brno CZE"]
[Date "2014.11.18"]
[Round "4.22"]
[White "Tajovsky, Matej"]
[Black "Kaplan, Milan"]
[Result "1/2-1/2"]
[WhiteElo "1429"]
[BlackElo "1791"]
[PlyCount "101"]
[EventDate "2014.11.15"]
[EventType "swiss"]
[EventRounds "9"]
[EventCountry "CZE"]
[Source "lmi"]
[SourceDate "2014.11.15"]

1. e4 c5 2. Nf3 Nc6 3. d4 cxd4 4. Nxd4 Nf6 5. Nc3 e5 6. Ndb5 d6 7. Nd5 Nxd5 8.
exd5 Nb8 9. c4 Be7 10. Be2 a6 11. Nc3 O-O 12. O-O f5 13. f4 e4 14. Be3 Nd7 15.
b4 Kh8 16. Rc1 b6 17. Kh1 Bb7 18. g4 g6 19. gxf5 gxf5 20. Rg1 Bf6 21. Qf1 Qe7
22. Qh3 a5 23. Nb5 axb4 24. Bd4 Rxa2 25. Bh5 Bxd4 26. Nxd4 Ra3 27. Qg2 e3 28.
Nxf5 Qf6 29. Nxd6 Raa8 30. Nxb7 Rg8 31. Qf3 b3 32. Qxe3 b2 33. Rb1 Rxg1+ 34.
Rxg1 Ra1 35. Qg3 Rxg1+ 36. Qxg1 Qxf4 37. Nd6 Qxd6 38. Qb1 Qe5 39. Bf3 Qc3 40.
Be4 Qc1+ 41. Kg2 Kg7 42. Bxh7 Qxb1 43. Bxb1 Ne5 44. Kg3 Nxc4 45. Kf4 b5 46. Bd3
b4 47. Ke4 Nd2+ 48. Kd4 b1=Q 49. Bxb1 Nxb1 50. Kc4 Nc3 51. Kxb4 1/2-1/2

[Event "Open Brno 2014"]
[Site "Brno CZE"]
[Date "2014.11.18"]
[Round "4.23"]
[White "Zejda, Karel"]
[Black "Doskar, Miloslav"]
[Result "0-1"]
[WhiteElo "1773"]
[BlackElo "1725"]
[PlyCount "50"]
[EventDate "2014.11.15"]
[EventType "swiss"]
[EventRounds "9"]
[EventCountry "CZE"]
[Source "lmi"]
[SourceDate "2014.11.15"]

1. d4 d5 2. Nf3 Nf6 3. Bf4 e6 4. e3 Be7 5. Bd3 Nbd7 6. h3 h6 7. Nbd2 c5 8. c3
cxd4 9. exd4 Nb6 10. Ne5 a6 11. O-O Nfd7 12. Ndf3 Nxe5 13. Nxe5 Nd7 14. Qg4
Nxe5 15. dxe5 g5 16. Be3 Qc7 17. Rae1 Bd7 18. Qh5 Qa5 19. f4 gxf4 20. Rxf4
O-O-O 21. Rxf7 Be8 22. Bg6 Bxf7 23. Bxf7 Bc5 24. Bxe6+ Kb8 25. Bd4 Bxd4+ 0-1

[Event "Open Brno 2014"]
[Site "Brno CZE"]
[Date "2014.11.18"]
[Round "4.24"]
[White "Kures, Michael"]
[Black "Kosina, Vladimir"]
[Result "1/2-1/2"]
[WhiteElo "1493"]
[BlackElo "1763"]
[PlyCount "92"]
[EventDate "2014.11.15"]
[EventType "swiss"]
[EventRounds "9"]
[EventCountry "CZE"]
[Source "lmi"]
[SourceDate "2014.11.15"]

1. d4 b5 2. e4 Bb7 3. Nd2 Nf6 4. e5 Nd5 5. Ngf3 b4 6. Nb3 c6 7. Nc5 Qc7 8. Bc4
e6 9. Nd3 a5 10. Bd2 Be7 11. O-O O-O 12. Ng5 h6 13. Nf3 Ba6 14. b3 Bxc4 15.
bxc4 Nb6 16. c5 Nd5 17. Nf4 Nxf4 18. Bxf4 Na6 19. a3 Rfb8 20. Bd2 Qb7 21. Rb1
Qb5 22. axb4 axb4 23. c3 b3 24. Be3 Ra7 25. Nd2 b2 26. Qc2 Rab7 27. Ne4 Nc7 28.
Nd6 Qb3 29. Qd3 Bxd6 30. exd6 Nd5 31. Bd2 f5 32. Qg3 Kh7 33. Qd3 Nf6 34. h3 Ne4
35. Kh2 g6 36. f3 Nxd2 37. Qxd2 Qc4 38. Rf2 Qa2 39. Qc2 Kg7 40. Re2 Kf7 41.
Ree1 Rb3 42. Qd2 Qa3 43. Qxh6 Rg8 44. c4 Rbb8 45. Qg5 Rge8 46. Qd2 Qb3 1/2-1/2

[Event "Open Brno 2014"]
[Site "Brno CZE"]
[Date "2014.11.18"]
[Round "4.25"]
[White "Trochta, Vojtech"]
[Black "Schoeppe, Christian"]
[Result "1/2-1/2"]
[WhiteElo "1751"]
[BlackElo "1640"]
[PlyCount "53"]
[EventDate "2014.11.15"]
[EventType "swiss"]
[EventRounds "9"]
[EventCountry "CZE"]
[Source "lmi"]
[SourceDate "2014.11.15"]

1. e4 g6 2. d4 Bg7 3. Nc3 d6 4. Be3 c6 5. Qd2 b5 6. f3 Bb7 7. Nh3 Nd7 8. Nf2 a5
9. a4 b4 10. Ncd1 c5 11. Bb5 cxd4 12. Bxd4 Bxd4 13. Qxd4 Ngf6 14. Bxd7+ Qxd7
15. Ng4 Qe6 16. Nxf6+ exf6 17. O-O O-O 18. Ne3 Qe5 19. Rfd1 Rfd8 20. Ng4 Qxd4+
21. Rxd4 Kg7 22. Rad1 Ra6 23. Ne3 Kf8 24. Kf2 Ke7 25. Nd5+ Bxd5 26. Rxd5 Rc8
27. R1d2 1/2-1/2

[Event "Open Brno 2014"]
[Site "Brno CZE"]
[Date "2014.11.18"]
[Round "4.26"]
[White "Glozar, Petr"]
[Black "Glacner, Karel"]
[Result "1-0"]
[WhiteElo "1665"]
[BlackElo "1543"]
[PlyCount "111"]
[EventDate "2014.11.15"]
[EventType "swiss"]
[EventRounds "9"]
[EventCountry "CZE"]
[Source "lmi"]
[SourceDate "2014.11.15"]

1. e4 e5 2. Nf3 f5 3. d3 Qf6 4. Bg5 Qg6 5. exf5 Qxf5 6. Qd2 h6 7. Bh4 Nf6 8.
Bxf6 Qxf6 9. Qe3 Nc6 10. a3 Be7 11. Nc3 Nd4 12. O-O-O Nxf3 13. gxf3 Qf5 14. Qe2
O-O 15. Rg1 Bg5+ 16. Kb1 Qxf3 17. Qxe5 Qf4 18. Qxf4 Bxf4 19. h4 c6 20. Re1 h5
21. Re7 Bh6 22. Be2 Rf5 23. d4 Kf8 24. Re5 Rxe5 25. dxe5 Bf4 26. Bxh5 Bxe5 27.
Re1 d6 28. f4 g6 29. fxe5 gxh5 30. exd6 Bg4 31. Rf1+ Ke8 32. Rf6 Rd8 33. Ne4
Rd7 34. Nc5 Rg7 35. Rh6 Kf7 36. Nxb7 Kf8 37. Rh8+ Kf7 38. Nc5 Kf6 39. Rd8 Ke5
40. d7 Kd6 41. b4 Bxd7 42. Rxd7+ Rxd7 43. Nxd7 Kxd7 44. Kc1 Ke6 45. Kd2 Kf5 46.
c4 Kg4 47. b5 c5 48. a4 Kxh4 49. a5 Kg3 50. b6 axb6 51. a6 h4 52. a7 Kh2 53.
a8=Q h3 54. Ke2 Kg1 55. Qg8+ Kh2 56. Kf2 1-0

[Event "Open Brno 2014"]
[Site "Brno CZE"]
[Date "2014.11.18"]
[Round "4.27"]
[White "Romanek, Zdenek"]
[Black "Bata, Jiri"]
[Result "1-0"]
[WhiteElo "1648"]
[BlackElo "1589"]
[PlyCount "91"]
[EventDate "2014.11.15"]
[EventType "swiss"]
[EventRounds "9"]
[EventCountry "CZE"]
[Source "lmi"]
[SourceDate "2014.11.15"]

1. d4 d5 2. c4 dxc4 3. Nf3 a6 4. e3 Nf6 5. Bxc4 e6 6. O-O Bb4 7. Nc3 O-O 8. e4
Nfd7 9. e5 Be7 10. Bb3 b5 11. Bc2 Bb7 12. Qd3 g6 13. Ne4 Nc6 14. Bh6 Nb4 15.
Qd2 Nxc2 16. Qxc2 Bxe4 17. Qxe4 Re8 18. Rac1 c5 19. Rfd1 c4 20. Qf4 Nb6 21. Ng5
Bxg5 22. Bxg5 Nd5 23. Qh4 Qd7 24. Bf6 h5 25. g4 Nxf6 26. exf6 Qd5 27. Rc3 Kh7
28. Rh3 Rh8 29. f4 Kg8 30. Rd2 Qe4 31. Qg3 h4 32. Qf2 Qb1+ 33. Kg2 Qe4+ 34. Rf3
Rc8 35. Re2 Qb7 36. Kg1 b4 37. Rh3 c3 38. bxc3 Rxc3 39. Rxc3 bxc3 40. h3 Qb1+
41. Kh2 Qd1 42. f5 gxf5 43. gxf5 Kf8 44. Qg2 Qa4 45. Qg7+ Ke8 46. fxe6 1-0

[Event "Open Brno 2014"]
[Site "Brno CZE"]
[Date "2014.11.18"]
[Round "4.28"]
[White "Nemec, Jakub"]
[Black "Moes, Waldemar"]
[Result "0-1"]
[WhiteElo "1523"]
[BlackElo "2054"]
[PlyCount "80"]
[EventDate "2014.11.15"]
[EventType "swiss"]
[EventRounds "9"]
[EventCountry "CZE"]
[Source "lmi"]
[SourceDate "2014.11.15"]

1. e4 e5 2. Nf3 Nf6 3. Nxe5 d6 4. Nc4 Nxe4 5. d3 Nf6 6. Be2 d5 7. Ncd2 Bd6 8.
O-O O-O 9. Nf3 h6 10. d4 Bf5 11. Bd2 Nbd7 12. b3 Ne4 13. Bd3 Qf6 14. Nc3 c6 15.
Re1 Rae8 16. Qc1 Re7 17. Bf1 Bg4 18. Re3 Bxf3 19. Rxf3 Qxd4 20. Nxe4 dxe4 21.
Bc3 Qc5 22. Rh3 Ne5 23. Bb2 Ng4 24. Bxg7 Nxf2 25. Re3 Kxg7 26. Kxf2 Bf4 27.
Qb2+ f6 28. Rae1 Rd8 29. Qc3 Bxe3+ 30. Rxe3 Qxc3 31. Rxc3 f5 32. Ke3 Rd1 33.
Bc4 Kf6 34. Kf4 Rg7 35. Rh3 Rg6 36. Rh5 Rg4+ 37. Ke3 Kg6 38. Be2 Re1 39. Kd2
Rxe2+ 40. Kxe2 Kxh5 0-1

[Event "Open Brno 2014"]
[Site "Brno CZE"]
[Date "2014.11.18"]
[Round "4.29"]
[White "Hrdlicka, Vladan"]
[Black "Aleksandravicius, Darius"]
[Result "1-0"]
[WhiteElo "1797"]
[BlackElo "1722"]
[PlyCount "65"]
[EventDate "2014.11.15"]
[EventType "swiss"]
[EventRounds "9"]
[EventCountry "CZE"]
[Source "lmi"]
[SourceDate "2014.11.15"]

1. e4 c5 2. Nf3 d6 3. d4 cxd4 4. Nxd4 Nf6 5. Nc3 a6 6. Bg5 e6 7. f4 Be7 8. Qf3
Nbd7 9. O-O-O Qc7 10. Bd3 Rb8 11. Rhe1 O-O 12. e5 dxe5 13. fxe5 Nxe5 14. Rxe5
Qxe5 15. Bf4 Qc5 16. Bxb8 b5 17. Nb3 Qb6 18. Be5 Bb7 19. Qh3 h6 20. Bxf6 Bxf6
21. Ne4 Be7 22. Qg3 a5 23. Qf2 Qc7 24. Nbc5 Bc6 25. Qg3 Qb6 26. Qe5 Rd8 27.
Nxe6 fxe6 28. Qxe6+ Kh8 29. Qxe7 Re8 30. Qc5 Qc7 31. Rf1 Kg8 32. Nd6 Rb8 33.
Qf5 1-0

[Event "Open Brno 2014"]
[Site "Brno CZE"]
[Date "2014.11.19"]
[Round "5.1"]
[White "Kulon, Klaudia"]
[Black "Kourousis, Epaminondas"]
[Result "0-1"]
[WhiteElo "2374"]
[BlackElo "2380"]
[PlyCount "56"]
[EventDate "2014.11.15"]
[EventType "swiss"]
[EventRounds "9"]
[EventCountry "CZE"]
[Source "lmi"]
[SourceDate "2014.11.15"]

1. c4 Nf6 2. g3 e6 3. Bg2 a6 4. e4 c5 5. Nc3 d6 6. Nge2 Be7 7. O-O O-O 8. a3
Nc6 9. Rb1 Nd7 10. d3 Qc7 11. b4 Nd4 12. Be3 Nxe2+ 13. Qxe2 b6 14. bxc5 dxc5
15. e5 Bb7 16. Bxb7 Qxb7 17. f4 Qc6 18. Ne4 Rab8 19. Bc1 b5 20. Bb2 Rb6 21.
Rbd1 Rd8 22. Ba1 Nf8 23. g4 bxc4 24. dxc4 Rxd1 25. Rxd1 Qb7 26. Qc2 Rb3 27. f5
Re3 28. Nd2 Re2 0-1

[Event "Open Brno 2014"]
[Site "Brno CZE"]
[Date "2014.11.19"]
[Round "5.2"]
[White "Iwanow, Anna"]
[Black "Blahynka, Martin"]
[Result "1/2-1/2"]
[WhiteElo "2288"]
[BlackElo "2237"]
[PlyCount "117"]
[EventDate "2014.11.15"]
[EventType "swiss"]
[EventRounds "9"]
[EventCountry "CZE"]
[Source "lmi"]
[SourceDate "2014.11.15"]

1. e4 c5 2. Nf3 g6 3. d4 Bg7 4. Nc3 cxd4 5. Nxd4 Nc6 6. Be3 Nf6 7. Bc4 d6 8. f3
O-O 9. Qd2 Bd7 10. O-O-O Rb8 11. Bb3 Na5 12. Bh6 Bxh6 13. Qxh6 b5 14. Nd5 Nxb3+
15. axb3 Nxd5 16. exd5 e5 17. dxe6 fxe6 18. h4 Qf6 19. b4 e5 20. Ne2 Bc6 21. h5
Rbd8 22. hxg6 Qxg6 23. Qe3 Qg7 24. Rh5 Qe7 25. Ng3 Be8 26. Nf5 Qf6 27. Nh6+ Kh8
28. Ng4 Qf4 29. Rxe5 dxe5 30. Rxd8 h5 31. Qxf4 exf4 32. Ne5 Kg7 33. Nd3 Kh6 34.
Kd2 Kg5 35. Ke2 Rg8 36. Nc5 Bf7 37. Rd7 Bg6 38. c3 Re8+ 39. Kf2 Bf5 40. Rd6 Re5
41. Nb3 Be6 42. Nd4 Bc4 43. Rd7 Re8 44. b3 Bd3 45. g3 Re5 46. Rg7+ Kf6 47. gxf4
Re7 48. Rg5 h4 49. Rh5 Rc7 50. Rh6+ Kg7 51. Rc6 Rxc6 52. Nxc6 Kf6 53. Nd4 a6
54. Kg2 Kg6 55. Kh3 Kh5 56. f5 Bf1+ 57. Kh2 Kg5 58. f4+ Kf6 59. Nc6 1/2-1/2

[Event "Open Brno 2014"]
[Site "Brno CZE"]
[Date "2014.11.19"]
[Round "5.3"]
[White "Simantsev, Mikhail"]
[Black "Kratochvil, Josef"]
[Result "0-1"]
[WhiteElo "2452"]
[BlackElo "2236"]
[PlyCount "90"]
[EventDate "2014.11.15"]
[EventType "swiss"]
[EventRounds "9"]
[EventCountry "CZE"]
[Source "lmi"]
[SourceDate "2014.11.15"]

1. d4 Nf6 2. c4 c5 3. d5 e6 4. Nc3 exd5 5. cxd5 d6 6. Nf3 g6 7. Bf4 a6 8. a4
Bg7 9. e3 O-O 10. h3 Re8 11. Nd2 Nbd7 12. Be2 Ne5 13. O-O Nfd7 14. Bh2 f5 15.
Re1 b6 16. Qc2 Nf6 17. Rab1 Bb7 18. f4 Nf7 19. Bc4 Re7 20. Qd3 Qc7 21. Re2 Rae8
22. Bxa6 Bxa6 23. Qxa6 Rxe3 24. Rxe3 Rxe3 25. Nc4 Re8 26. Qxb6 Qe7 27. Qb3 Ne4
28. Nb5 Qh4 29. Qf3 Rb8 30. Rd1 Kh8 31. Qe2 g5 32. Ne3 Nh6 33. Nxf5 Nxf5 34.
Qxe4 Nd4 35. fxg5 Qxe4 36. Nxd6 Qe3+ 37. Kh1 Rxb2 38. Nc4 Qe2 39. Nxb2 Qxb2 40.
d6 Bf8 41. d7 Be7 42. Bd6 Bxg5 43. Bxc5 Nc6 44. Bg1 Kg7 45. Rd5 Bd8 0-1

[Event "Open Brno 2014"]
[Site "Brno CZE"]
[Date "2014.11.19"]
[Round "5.4"]
[White "Pokorny, Petr"]
[Black "Constantinou, Peter"]
[Result "1-0"]
[WhiteElo "2138"]
[BlackElo "2298"]
[PlyCount "123"]
[EventDate "2014.11.15"]
[EventType "swiss"]
[EventRounds "9"]
[EventCountry "CZE"]
[Source "lmi"]
[SourceDate "2014.11.15"]

1. d4 g6 2. Nf3 Bg7 3. c4 c5 4. Nc3 cxd4 5. Nxd4 Nc6 6. Nc2 Bxc3+ 7. bxc3 d6 8.
e4 Qa5 9. Bd2 Nf6 10. f3 Ne5 11. Ne3 Bd7 12. Qb3 b6 13. Qb4 Nc6 14. Qxa5 Nxa5
15. Nd5 Rc8 16. Bh6 Rg8 17. Bg5 Nxd5 18. cxd5 Rxc3 19. Kd2 Rc7 20. Ba6 f6 21.
Bf4 g5 22. Bg3 Bc8 23. Bb5+ Bd7 24. Ba6 Nc4+ 25. Ke2 Ne5 26. Rhc1 Rc5 27. Be1
Kd8 28. a4 Bc8 29. Bb5 Kc7 30. Bf2 Rxc1 31. Rxc1+ Kb7 32. a5 Bd7 33. Bd3 Nxd3
34. Kxd3 Bb5+ 35. Kd2 bxa5 36. Bd4 a6 37. g3 Rf8 38. f4 gxf4 39. gxf4 Rg8 40.
Rg1 Rg6 41. Rxg6 hxg6 42. h4 Be8 43. Kc3 Bf7 44. Kc4 a4 45. e5 dxe5 46. fxe5 e6
47. exf6 exd5+ 48. Kb4 Be8 49. Kc5 Bf7 50. Kd6 Bg8 51. Ke7 Kc6 52. f7 Bxf7 53.
Kxf7 Kb5 54. Kxg6 Kc4 55. Be5 d4 56. Bxd4 Kxd4 57. h5 a3 58. h6 Kc3 59. h7 Kb2
60. h8=Q+ Kb1 61. Qc3 a2 62. Qb3+ 1-0

[Event "Open Brno 2014"]
[Site "Brno CZE"]
[Date "2014.11.19"]
[Round "5.5"]
[White "Shevchenko, Kirill"]
[Black "Burnett, Andrew"]
[Result "1/2-1/2"]
[WhiteElo "2141"]
[BlackElo "2269"]
[PlyCount "120"]
[EventDate "2014.11.15"]
[EventType "swiss"]
[EventRounds "9"]
[EventCountry "CZE"]
[Source "lmi"]
[SourceDate "2014.11.15"]

1. e4 c5 2. Nf3 d6 3. d4 Nf6 4. Nc3 cxd4 5. Nxd4 g6 6. Be3 Bg7 7. Be2 Nc6 8.
Qd2 O-O 9. O-O-O Nxd4 10. Bxd4 Be6 11. h4 Qa5 12. Qg5 b5 13. Qxb5 Qc7 14. e5 a6
15. Qb6 Qxb6 16. Bxb6 Nd7 17. Be3 Bxe5 18. Nd5 Bxd5 19. Rxd5 Rfb8 20. c3 a5 21.
Rb5 a4 22. a3 e6 23. h5 Rc8 24. hxg6 hxg6 25. Kd2 d5 26. Rb4 Bf6 27. Bb5 Nc5
28. f3 e5 29. Bxc5 Rxc5 30. Bxa4 Be7 31. Bb3 Rd8 32. Rb7 Bg5+ 33. Ke2 e4 34.
fxe4 Re8 35. Rd1 Rxe4+ 36. Kf3 Rf4+ 37. Kg3 Rf5 38. a4 Kg7 39. Rd7 Bf4+ 40. Kg4
Be5 41. R1xd5 Rc8 42. Rd8 Rc6 43. g3 Kh6 44. Rd3 Rb6 45. c4 Bxb2 46. R8d5 Rxd5
47. cxd5 f5+ 48. Kf3 Be5 49. Bc4 g5 50. Bb5 g4+ 51. Kg2 Kg5 52. Rd1 f4 53.
gxf4+ Kxf4 54. Re1 g3 55. Rf1+ Ke4 56. Rd1 Rh6 57. Rh1 Rxh1 58. Kxh1 Kf3 59.
Bf1 Kf2 60. Bg2 Bc7 1/2-1/2